000 00462nam a22001577a 4500
005 20170111151148.0
008 170111b xxu||||| |||| 00| 0 eng d
050 _aLB41.M90
100 _aMudalitsa, John Yanko
_928240
245 _aRE is great!
_cby Mudalitsa, John Yanko
260 _aKitwe
_bJohn Yanko Mudalitsa
_c2016
300 _a91p.;
_c21cm.
650 _aEducation, Religious
_928241
700 _aMujorica, John
_919552
942 _2lcc
_cMONOGRAPH
999 _c125944
_d125944